[Event "Llucmajor op 5th"]
[Site "Llucmajor"]
[Date "2016.05.10"]
[Round "4"]
[White "Abergel, Thal"]
[Black "Edouard, Romain"]
[Result "0-1"]
[WhiteElo "2450"]
[BlackElo "2641"]
[Annotator "Edouard,R"]
[PlyCount "68"]
[EventDate "2016.05.08"]
[EventType "swiss"]
[EventRounds "9"]
[EventCountry "ESP"]
[SourceTitle "CBM 173"]
[Source "ChessBase"]
[SourceDate "2016.07.12"]
[SourceVersion "1"]
[SourceVersionDate "2016.07.12"]
[SourceQuality "1"]

1. e4 e6 2. d4 d5 3. Nc3 Bb4 4. a3 Bxc3+ 5. bxc3 dxe4 6. Qg4 Nf6 7. Qxg7 Rg8 8.
Qh6 Bd7 $5 {An interesting developing move: Black has the basic and typical
French idea to play ...Ba4.} 9. Ne2 (9. a4 {is the most natural move, but after
} c5 {the position is unclear, for instance:} 10. Ne2 Bc6 11. dxc5 Nbd7 12. Nd4
Qa5 13. Qd2 O-O-O $132) 9... Ba4 10. Qd2 (10. Rb1 Bxc2 11. Rxb7 Bd3 {is about
equal.}) 10... c5 {Already Black has solved all of his problems, the bishop on
a4 being an excellent piece.} 11. dxc5 (11. Ng3 Nc6 12. Bb2 Qb6 $15) ({Perhaps
the best for White is to play} 11. g3 {with the idea} Qd5 (11... Nc6 $5) 12. c4
$1 {with an unclear position after} Qf5 $132) 11... Qxd2+ 12. Bxd2 Nbd7 (12...
Bxc2 13. Nd4 Bd3 {was also possible, but I considered the text move to be
stronger.}) 13. Nd4 (13. O-O-O Nxc5 14. Be3 Rc8 15. Ng3 Ke7 $15) 13... Nxc5 14.
Bb5+ {This move solves White's development problems, but is obviously a wrong
exchange.} (14. Nb5 Ke7 15. Bf4 Bxb5 16. Bxb5 Nd5 $17) 14... Bxb5 15. Nxb5 Ke7
16. O-O ({I was expecting} 16. Bf4 {but after} Rgd8 {Black is clearly better,
for example} 17. Bg5 Rg8 18. Bh4 Rxg2 $1 19. Bg3 a6 20. Nd4 e3 $17) 16... Nfd7
17. Rfd1 a6 18. Nd4 Ne5 19. Bf4 Nc4 20. Nb3 Na4 21. Nd2 (21. Rd4 Rac8 22. Rxe4
Nxc3 23. Ree1 f6 $17) 21... Nxd2 22. Bxd2 Rac8 23. c4 $6 ({White has to try} 
23. Re1 Nxc3 {with the idea} (23... f5 $5) 24. Bxc3 Rxc3 25. Rxe4 Rxc2 26. a4 {
and some drawing chances.}) 23... Rxc4 24. Bb4+ Kf6 25. Rd7 b5 (25... b6 $5 {
was perhaps even stronger.}) 26. Re1 Rxc2 27. Rxe4 Nc5 $1 28. Rc7 $8 Rg4 $1 {
A nice tactical idea, transposing by force into a winning rook ending.} 29. Re1
Rgc4 30. Bxc5 Rxc5 31. Ra7 Re2 32. Kf1 $2 (32. Rf1 $2 Rc6 $19) (32. Rb1 Rc6 33.
g3 {with the idea Rb3 was mantadory.}) 32... Ra2 {Now it's all over.} 33. Rxa6
Rcc2 34. Kg1 Rxf2 0-1

[Event "Interzonal-13a"]
[Site "Tunis"]
[Date "1985.05.11"]
[Round "11"]
[White "Ermenkov, Evgenij"]
[Black "Beliavsky, Alexander G"]
[Result "0-1"]
[WhiteElo "2515"]
[BlackElo "2635"]
[Annotator "Ernst,T"]
[PlyCount "80"]
[EventDate "1985.04.27"]
[EventType "tourn"]
[EventRounds "17"]
[EventCountry "TUN"]
[EventCategory "11"]
[SourceTitle "IZT"]
[Source "ChessBase"]
[SourceDate "1999.07.01"]
[SourceVersion "1"]
[SourceVersionDate "1999.07.01"]
[SourceQuality "1"]

1. e4 e6 2. d4 d5 3. Nc3 Bb4 4. Nge2 dxe4 5. a3 Bxc3+ 6. Nxc3 Nc6 7. Be3 $5 Nf6
$5 (7... f5 8. f3 {Levenfish}) 8. Qd2 (8. h3 O-O 9. g4 Nd5 $1 {
Rohacek-Troianescu/ROM1948/}) 8... h6 $6 (8... Ne7 9. O-O-O (9. Bg5 Ned5 10.
O-O-O Bd7 {Kotronias-Foisor Moscow 1987}) 9... Bd7 10. Bg5 Bc6 {Beliavsky}) 9.
O-O-O Ne7 10. f3 $1 exf3 11. gxf3 Ned5 12. Rg1 $44 Nxc3 13. Qxc3 Nd5 14. Qd2 (
14. Qb3 $5) 14... Qf6 15. Bc4 $6 (15. Bf2 $5 g5 16. h4 gxh4 17. Rg4 Qxf3 18.
Rxh4 Bd7 19. c4 Ne7 20. Rf4 $40) 15... Nxe3 16. Qxe3 Bd7 $1 17. d5 O-O 18. Rd2
$6 (18. dxe6 $1 Bxe6 19. Bxe6 Qxe6 20. Qc3 g6 21. Qxc7 Rfc8 22. Qf4 $1 Qa2 23.
c3 $10) 18... Kh8 $1 19. Rdg2 Rg8 20. Kb1 $6 exd5 21. Bxd5 c6 22. Be4 a6 23.
Qb6 Qe5 24. Rd2 Be6 25. Rgd1 f5 26. Bd3 Rad8 $17 27. Qf2 Qf4 28. b3 Rd7 29. Re1
Bf7 30. Qe3 Qxe3 31. Rxe3 g6 32. Rde2 Kg7 33. b4 Kf6 34. Kb2 Rgd8 35. Kc3 Rd4
36. Re7 R8d7 37. Rxd7 Rxd7 38. h4 g5 39. hxg5+ hxg5 40. Rh2 Bd5 0-1

[Event "Montreal 6th"]
[Site "Montreal"]
[Date "2005.08.08"]
[Round "6"]
[White "Nataf, Igor Alexandre"]
[Black "Shipov, Sergei"]
[Result "0-1"]
[WhiteElo "2583"]
[BlackElo "2582"]
[Annotator "Finkel,A"]
[PlyCount "78"]
[EventDate "2005.08.03"]
[EventType "tourn"]
[EventRounds "11"]
[EventCountry "CAN"]
[EventCategory "12"]
[SourceTitle "CBM 109"]
[Source "ChessBase"]
[SourceDate "2005.11.14"]
[SourceVersion "1"]
[SourceVersionDate "2005.11.14"]
[SourceQuality "1"]

1. e4 e6 2. d4 d5 3. Nc3 Bb4 4. Nge2 dxe4 5. a3 Be7 6. g4 e5 7. h3 exd4 8. Qxd4
Nc6 {This move is definitely better than a capture on d4, since white fails to
find a good square for the knight on e2.} (8... Qxd4 $6 9. Nxd4 c6 10. Bg2 (10.
Be3 $5 h5 $2 11. g5 {[%csl Rg8]} g6 12. Nxe4 Nd7 13. O-O-O $16 {Hector,
J-Hultin,J/Gothenburg 2004}) 10... Nf6 11. g5 Nd5 12. Nxe4 O-O 13. c4 Nc7 14.
O-O $14 {Hector,J-Djurhuus,R/Malmo 2003}) 9. Qxd8+ Bxd8 10. Bf4 h5 $5 {Another
important move securing square f5 for one of black knights.} (10... g5 11. Be3
h5 12. Nxe4 hxg4 13. O-O-O gxh3 14. Nxg5 Bxg5 15. Bxg5 Bg4 $13 {Hector,
J-Sjodahl,P/Sweden 2004}) 11. g5 Nge7 12. Ng3 $6 (12. O-O-O Ng6 13. Be3 Nce7
14. Nxe4 Nf5 15. Bd2 O-O 16. Nf4 $14) 12... Ng6 13. Be3 Nce7 14. Ngxe4 O-O 15.
O-O-O Nf5 {[%csl Gf5,Gg6] Black knights are perfectly placed on the kingside,
and white's advantage in development is neutralized by this fact.} 16. Bc5 (16.
Bd2 $5) 16... Re8 17. Bc4 Be6 (17... c6 $5 18. Rhe1 Be6 19. Bxe6 Rxe6 20. Bxa7
Nf4 21. Be3 Nxh3 22. Bd2 Bc7 $15) 18. Bxe6 Rxe6 19. Rd5 Nfe7 20. Rd2 c6 $1 21.
Rd7 {This move is more accurate than 21.Rhd1, but may be deserved attention 21.
f3 intending to retreat with the bishop to f2.} (21. Rhd1 Nd5 22. Nxd5 Rxe4 23.
Nc3 Re8 24. Be3 Ba5 $15) (21. f3 $5 {[%cal Gc5f2]}) 21... b6 22. Rhd1 Nd5 23.
Nxd5 Rxe4 24. Rxd8+ $8 Rxd8 25. Nf6+ {This move is better than} (25. Ne7+ $143
Nxe7 26. Rxd8+ Kh7 27. Bxe7 Rxe7 28. Rd6 Re2 29. f4 Rf2 30. Rxc6 Rxf4 31. Rc7
Kg6 $15 {and black is better prepared for the pawn's race.}) 25... gxf6 26.
Rxd8+ Kh7 27. Be3 fxg5 28. Bxg5 Nf4 29. f3 $6 (29. Bxf4 Rxf4 30. Rd7 Rxf2 31.
Rxa7 $11) 29... Rd4 $1 $15 30. Ra8 $2 (30. Rxd4 Ne2+ 31. Kd2 Nxd4 32. f4 Kg6
$17) (30. Rc8 $8 Nxh3 31. Be3 Rd6 32. Rc7 Rf6 33. Rxa7 b5 34. Kd2 Rxf3 35. b3
$132) 30... Nxh3 31. Be3 Rd7 $19 {[%csl Rc1][%cal Gh5h1]} 32. Rc8 f6 $1 (32...
c5 33. Rc6 {[%csl Rh3,Rh7]}) 33. Rxc6 Kg6 34. Rc4 Ng5 35. Rf4 (35. Rh4 $142)
35... Rh7 36. Bd4 f5 37. Be3 h4 38. Rc4 h3 39. Rc6+ Kh5 0-1

[Event "Excelsior Cup"]
[Site "Gothenburg"]
[Date "2004.01.15"]
[Round "8"]
[White "Hector, Jonny"]
[Black "Berg, Emanuel"]
[Result "1-0"]
[WhiteElo "2518"]
[BlackElo "2495"]
[Annotator "Finkel,A"]
[PlyCount "55"]
[EventDate "2004.01.06"]
[EventType "tourn"]
[EventRounds "9"]
[EventCountry "SWE"]
[EventCategory "9"]
[SourceTitle "CBM 099"]
[Source "ChessBase"]
[SourceDate "2004.03.30"]
[SourceVersion "1"]
[SourceVersionDate "2004.03.30"]
[SourceQuality "1"]

1. e4 e6 2. d4 d5 3. Nc3 Bb4 4. Nge2 Nc6 5. a3 Ba5 6. e5 Nge7 (6... f6 7. f4 (
7. Nf4 g6 (7... fxe5 8. Qh5+ g6 9. Nxg6 Nf6 10. Qh4 Rg8 (10... exd4 11. Nxh8
Ke7 12. b4 dxc3 13. bxa5 Qxh8 14. Bg5 e5 15. O-O-O $16 {Gaponenko,I-Dittmar,P/
Schwaebisch Gmuend 2003}) 11. Nxe5 Nxe5 12. dxe5 Ne4 13. Qxh7 Rf8 14. Bd3 Qd7
15. Bxe4 dxe4 16. Qxe4 $18 {Gaponenko,I-Ionescu,D/Trier 2002}) 8. Bb5 fxe5 9.
Bxc6+ bxc6 10. dxe5 c5 11. O-O Ne7 12. Qg4 Nf5 13. Nd3 Bb6 14. Bg5 Qd7 $13)
7... Nh6 8. Be3 O-O (8... Bd7 9. Qd2 Qe7 10. Ng1 Ng4 11. Nf3 fxe5 12. fxe5 Nxe3
13. Qxe3 Bxc3+ 14. Qxc3 O-O 15. Rd1 $14 {Kulaots,K-Fischer,S/Deizisau 2000}) 9.
Qd2 Bd7 10. h3 Nf5 11. Bf2 fxe5 12. dxe5 Bb6 13. Bxb6 axb6 14. O-O-O $14 {
Van Mil,J-Welling,G/Eindhoven 1986}) (6... Bd7 7. Be3 Qe7 8. Qd2 f6 9. f4 O-O-O
10. b4 Bb6 11. Na4 Nh6 12. Ng3 Ng4 13. c3 $36 {Felsberger,A-Roth,P/Austria 1987
}) (6... Bb6 7. Na4 Nge7 8. Nxb6 axb6 9. g3 O-O 10. Bg2 f6 11. exf6 Rxf6 12.
O-O $14 {Le Roux,J-Gervasio,R/Guingamp 2003}) 7. b4 (7. Ng3 O-O 8. Be2 Bb6 9.
Be3 Nf5 10. Nxf5 exf5 11. Na4 f6 12. Nxb6 axb6 13. f4 $14 {Schramm,
B-Kindermann,S/Dresden 1999}) 7... Bb6 8. Na4 O-O 9. Rb1 $6 {I have to say
that I just don't understand the purpose of this move!} (9. c3 f6 10. exf6 gxf6
11. Ng3 e5 12. Be2 Nf5 13. O-O Nxg3 14. hxg3 Bf5 15. Be3 Qd7 $13 {Ekstroem,
R-Berezovsky,I/Graechen 1999}) 9... Nf5 (9... f6 10. exf6 Rxf6 11. Nxb6 axb6
12. b5 Na5 13. Ng3 Nc4 14. Bd3 Nxa3 15. Rb3 Nc4 16. O-O $36) 10. Nxb6 axb6 11.
b5 Na5 12. Ng3 c5 $132 {It's quite obvious that black has no problems.} (12...
Nc4 13. Nxf5 exf5 14. Rb3 f6 $13) 13. Nxf5 exf5 14. Be2 Be6 15. O-O Qe7 (15...
Qh4) 16. Be3 Rfd8 17. Qc1 h6 18. a4 Nc4 19. Ra1 Qc7 {For some reason black
refraines from trading white's darksquared bishop even though after} (19...
Nxe3 20. Qxe3 Ra5 21. Bf3 c4 $13 {black is doing ok.}) 20. Bd3 Ra5 $2 {
Ignoring white's threats! It wasn't too late to take on e3 with equal chances.}
21. Bxh6 $1 $18 {It turnes out that black is helpless after this one.} gxh6 22.
Qxh6 f4 {Other moves wouldn't influence the outcome of the game.} (22... cxd4
23. f4 Ne3 24. Rf3 Ng4 25. Qg5+ Kf8 26. Rh3 Ke8 27. Bxf5 $18) (22... Qe7 23. f4
(23. Bxc4 $2 dxc4 24. Ra3 f4 25. Qxf4 cxd4 26. Rg3+ Kf8 $17) (23. g4 $5 Nb2 24.
gxf5 Nxd3 25. fxe6 Qxe6 26. Qg5+ Qg6 27. Qxg6+ fxg6 28. cxd3 $16) 23... Ne3 24.
Rf3 Ng4 25. Rg3 $18) (22... Qd7 23. f4 Nd2 24. Rf2 Ne4 25. Rf3 f6 26. Bxe4 fxe4
27. Rg3+ $18) (22... Rd7 23. f4 $18 {[%cal Gf1f3,Gf3g3]}) 23. Bh7+ Kh8 24. Bf5+
Kg8 25. Qh7+ Kf8 26. Bxe6 cxd4 27. Rfe1 Re8 28. Bxd5 1-0

[Event "Abu Dhabi op 13th"]
[Site "Abu Dhabi"]
[Date "2003.08.25"]
[Round "9"]
[White "Jobava, Baadur"]
[Black "Dizdar, Goran"]
[Result "1/2-1/2"]
[WhiteElo "2596"]
[BlackElo "2525"]
[Annotator "Finkel,A"]
[PlyCount "158"]
[EventDate "2003.08.16"]
[EventType "swiss"]
[EventRounds "9"]
[EventCountry "UAE"]
[SourceTitle "CBM 097"]
[Source "ChessBase"]
[SourceDate "2003.11.11"]
[SourceVersion "1"]
[SourceVersionDate "2003.11.11"]
[SourceQuality "1"]

1. e4 e6 2. d4 d5 3. Nc3 Bb4 4. Qg4 {Risky continuation leading to sharp play
with mutual chances.} Nf6 5. Qxg7 Rg8 6. Qh6 Rg6 7. Qe3 c5 (7... Nxe4 8. Bd3 f5
(8... Rxg2 $5 9. Qh3 Rg6 10. Nge2 Qf6 11. Be3 Nc6 12. Bxe4 dxe4 13. O-O-O $36 {
Grabarska,B-Petek,M/EU-chTW 1997 (38)}) 9. Nge2 c5 10. Bxe4 fxe4 11. Qh3 $2 Nc6
12. Qxh7 Qf6 13. Nf4 $13 {Alekhine,A-Euwe,M/Wch16 1935 (40)}) (7... dxe4 $5 8.
Bd2 Bxc3 9. Bxc3 Qd5 10. Nh3 Qf5 11. O-O-O Nd5 12. Qd2 Nc6 $13 {Brueckner,
G-Junker,H/Pinneberg op 1992 (26)}) (7... e5 $6 8. Bd2 Bxc3 9. bxc3 (9. Bxc3 $5
$14) 9... exd4 10. cxd4 Ng4 11. Qc3 dxe4 12. Nh3 $14 {Antoniewski,R-Vavra,P/
Team Championships, CZE 1997/1/2-1/2 (44)}) 8. Bd2 (8. exd5 Nxd5 9. Qd3 cxd4
10. a3 Ba5 11. b4 Nxb4 12. axb4 Bxb4 13. Bd2 dxc3 14. Qxd8+ Kxd8 $17 {Gavilan,
A-Foguelman,A/Buenos Aires 1951}) (8. a3 Bxc3+ 9. bxc3 Nxe4 10. Ne2 Qa5 11. Bd2
cxd4 12. cxd4 Nxd2 13. Qxd2 Qxd2+ 14. Kxd2 h6 15. Nf4 $14 {Crosa Coll,M-Guzman
Ortiz,C/Roque Saenz Pena 1997}) (8. e5 Ng4 9. Qf4 cxd4 10. Be2 Qa5 11. Bxg4
Bxc3+ 12. Kf1 Bb4 13. Bh5 Bd7 14. g4 Bb5+ 15. Kg2 Qc7 $44 {Mirkovic,
J-Krawcheni,A/Suncoast 1999}) 8... Nc6 (8... Ng4 $5 9. Qd3 Nc6 $1 10. Nge2 (10.
a3 c4 11. Qh3 Nxd4 $17) 10... cxd4 11. Nxd4 Nxf2 $5 (11... Nce5 $5 12. Qe2 Qb6
$36) (11... Qb6 $5) 12. Kxf2 Bc5 13. Be3 Qf6+ 14. Ke1 Bxd4 15. Bxd4 Qxd4 (15...
Nxd4 16. Rd1) 16. Qxd4 Nxd4 17. Kd2 $13) 9. Nge2 (9. Bb5 Bd7 10. Bxc6 Bxc6 11.
O-O-O (11. Nge2 $5 dxe4 12. dxc5 $14 Ng4 13. Qd4 Qxd4 14. Nxd4 e3 15. fxe3 Bxc3
16. Bxc3 Nxe3 17. Nxc6 bxc6 18. Kf2 $16 {Planinec,A-Byrne,R/Moscow 1975}) 11...
cxd4 12. Qxd4 Bxc3 13. Bxc3 Nxe4 14. Nf3 f6 15. Rhe1 Qb6 16. Nh4 Qxd4 17. Bxd4
Rh6 $13 {Panchenko,A-Steinberg,M/Sukhumi 1971}) (9. Nf3 cxd4 10. Nxd4 Ng4 11.
Qd3 Bc5 12. Nxc6 $6 Bxf2+ 13. Kd1 bxc6 14. Kc1 Bb6 15. Nd1 Qf6 $15 {Yilmaz,
T-Morovic Fernandez,I/Dubai 1986}) 9... dxe4 (9... Ng4 10. Qd3 cxd4 (10... Qf6
11. Be3 cxd4 12. Nxd4 Nxe3 13. fxe3 Bxc3+ 14. Qxc3 Nxd4 15. Qxd4 Qxd4 16. exd4
dxe4 17. Kf2 $14 {Magem Badals,J-Jerez Perez,A/Barcelona 2000}) 11. Nxd4 Nxf2
$5 12. Kxf2 Bc5 13. Be3 Bxd4 $6 14. Bxd4 dxe4 15. Nxe4 Qxd4+ (15... Nxd4 16.
Rd1 e5 17. c3 Nc6 18. Qxd8+ Nxd8 19. Bb5+ Ke7 20. Rhe1 $36) 16. Qxd4 Nxd4 17.
Rd1 $14 {Bellon Lopez,J-Pecorelli Garcia,H/Havana 1998}) 10. Nxe4 (10. dxc5 $6
Ng4 11. Qh3 Bxc5 12. Nxe4 Bxf2+ 13. Nxf2 Nxf2 14. Kxf2 Qxd2 15. Qc3 Qg5 $15)
10... cxd4 11. Nxf6+ Qxf6 12. Qd3 Bd7 {Only this move appears to be a novelty.}
(12... Bxd2+ 13. Qxd2 e5 14. Ng3 Qg5 15. Bd3 Qxd2+ 16. Kxd2 Rg7 17. Rae1 Bd7
18. Be4 $14 {Hoiberg,N-Sorensen,J/Aarhus 1991}) 13. Bxb4 ({Nothing promised} 
13. O-O-O Qxf2 (13... Bxd2+ 14. Rxd2 Qxf2 15. Nxd4 Qxd4 16. Qxd4 Nxd4 17. Rxd4
Bc6 $15) 14. Bxb4 Nxb4 15. Qxd4 Qxd4 16. Rxd4 Nc6 17. Rh4 $13) 13... Nxb4 14.
Qd2 Nc6 (14... a5 $5 15. a3 d3 16. axb4 dxe2 17. Bxe2 Rxg2 18. O-O-O Bc6 19. b5
Bd5 $36) 15. Ng3 {For some reason white refraines from playing f4, which seems
to be the most logical continuation preventing black from building up strong
pawn chain in the center.} (15. f4 e5 16. O-O-O) 15... O-O-O 16. O-O-O Qe7 17.
Re1 (17. f4) 17... Rg5 $5 {[%cal Gg5a5]} 18. Bd3 Ra5 19. a3 f6 20. Nf5 Qf8 21.
Nxd4 Rxa3 22. Nb3 $1 {Black rook is trapped on a3.} (22. bxa3 Qxa3+ 23. Kb1
Nxd4 24. Qc1 Qa5 $36) 22... Rxb3 23. cxb3 Nb4 24. Re4 $1 (24. Bc4 $2 b5 25. Be2
e5 26. g4 Qc5+ 27. Kb1 Bf5+ $19) 24... a5 25. Bc4 $2 {Misplacing the bishop.} (
25. Bc2 Bc6 (25... e5 26. Rc4+ Kb8 27. Rd1 b5 28. Rxb4 axb4 29. Qd6+ Qxd6 30.
Rxd6 f5 31. Bxf5 Rc8+ 32. Bc2 $18) (25... Kb8 $5) 26. Rd4 Rxd4 27. Qxd4 Bxg2
28. Rg1 $14) 25... b5 26. Rd1 $8 {Nevertheless the position remains very
unclear even after white's mistake.} bxc4 27. Rxc4+ Bc6 (27... Kb7 28. Kb1 e5
29. Ka1) 28. Qxd8+ Qxd8 29. Rxd8+ Kxd8 30. Rh4 Bxg2 31. Kd2 Nd5 (31... Ke7 32.
Rxh7+ Kd6 33. h4 Ke5 34. h5 $14) 32. Rxh7 Ne7 33. Kc3 Ke8 34. Kc4 Nc6 35. h4
Kf8 36. Rc7 $6 {[%csl Rc7]} (36. h5 Ne5+ 37. Kb5 Nf7 38. h6 Be4 39. Rg7 Nxh6
40. Rg3 Nf5 41. Rc3 $13) (36. Kc5 $5) 36... e5 37. h5 (37. Kc5 Nd4) 37... Nd4
38. Ra7 $6 (38. h6 Bf1+ 39. Kd5 Bg2+ (39... Kg8 40. Rg7+ Kh8 41. Rg6 Nxb3 42.
Rxf6 $14) 40. Kc4 $11) 38... Bf1+ 39. Kc5 Nxb3+ 40. Kd6 Nd4 41. Rxa5 Kg7 42.
Ra7+ Kh6 43. Rf7 Kg5 44. h6 (44. b4 Be2 45. h6 Nf5+ 46. Kc5 Nxh6 47. Rd7 Ng4
48. Rd2 Bf1 49. b5 Bxb5 50. Kxb5 Kf4 51. Kc5 Kf3 $17) 44... Nf5+ 45. Kc5 Nxh6
46. Rf8 Ng4 47. b4 Nxf2 48. b5 Ne4+ 49. Kc6 Bxb5+ 50. Kxb5 Kf4 51. Kc4 f5 52.
Kd3 $11 {White king is just on time to catch the position in front of black
pawns.} Ng3 53. Kd2 Kf3 54. Ke1 e4 55. Ra8 f4 56. Ra2 e3 (56... Nf5) 57. Ra4
Ne4 58. Kf1 Nf2 59. Ra3 Ng4 60. Ra2 Kg3 61. Ra8 f3 62. Rg8 Kf4 63. Rf8+ Ke4 64.
Re8+ Kd3 65. Rd8+ Ke4 66. Re8+ Ne5 67. Ke1 Kf4 68. Rf8+ Kg3 69. Rg8+ Ng4 70.
Kf1 e2+ 71. Ke1 Kf4 72. Re8 Ne5 73. Kd2 Ke4 74. Ke1 Kd4 75. Kf2 Kd5 76. Rd8+
Ke4 77. Re8 Kd4 78. Rd8+ Kc3 79. Re8 Kd4 1/2-1/2

[Event "Sigeman & Co 10th"]
[Site "Malmo"]
[Date "2002.06.11"]
[Round "6"]
[White "Berg, Emanuel"]
[Black "Short, Nigel D"]
[Result "0-1"]
[WhiteElo "2514"]
[BlackElo "2673"]
[Annotator "Finkel,A"]
[PlyCount "98"]
[EventDate "2002.06.06"]
[EventType "tourn"]
[EventRounds "9"]
[EventCountry "SWE"]
[EventCategory "13"]
[SourceTitle "CBM 090"]
[Source "ChessBase"]
[SourceDate "2002.09.20"]
[SourceVersion "1"]
[SourceVersionDate "2002.09.20"]
[SourceQuality "1"]

1. e4 e6 2. d4 d5 3. Nc3 Bb4 4. Nge2 Nc6 5. a3 Ba5 6. Be3 Nge7 (6... Nf6 7. e5
Ng4 8. b4 (8. Bc1 $5) (8. Bf4 $6 f6 9. h3 fxe5 $1) (8. Nf4 Nxe3 (8... Ngxe5 9.
Nh5 Rg8 10. dxe5 d4 11. b4 Bb6 12. Bf4 dxc3 13. Bd3 f5 14. exf6 gxf6 15. O-O
$36 {Greenfeld,A-Skaperdas,K/Korinthos 1998}) 9. fxe3 Qh4+ 10. g3 Qh6 11. Qd3
Bd7 12. Bg2 Bb6 13. O-O-O Ne7 14. Kb1 O-O-O 15. e4 dxe4 16. Bxe4 Bc6 17. Nce2
$14 {Illescas Cordoba,M-Taddei,B/France 2000}) 8... Bb6 9. Na4 Qh4 10. Ng3 (10.
g3 Nxe3 11. fxe3 Qe4 $17) 10... O-O 11. Be2 Nxe3 12. fxe3 f6 13. Nxb6 axb6 14.
O-O Qg5 $17 {Brestian,E-Chernin,A/Austria 1996}) 7. e5 (7. g3 $5 e5 8. Bg2 Bg4
9. f3 Bh5 10. dxe5 dxe4 11. f4 Nf5 12. Bc5 Bf3 13. O-O $13 {1/2-1/2
Miladinovic,I-Atalik,S/Elista 1998/CBM 66 ext (13)}) (7. b4 Bb6 8. exd5 exd5 9.
Ng3 O-O 10. Bb5 a6 11. Bxc6 Nxc6 12. O-O Ne7 $13 {Handoko,E-Johansen,D/Bali
1999}) 7... O-O (7... Nf5 8. Ng3 Nxe3 9. fxe3 Qg5 10. Qf3 f6 11. h4 Qh6 12.
exf6 gxf6 13. b4 Bb6 14. Qh5+ Qg6 15. Bd3 $14 {Berg,E-Potkin,V/Oropesa del Mar
1999}) 8. Ng3 f6 9. f4 (9. exf6 gxf6 10. Qg4+ Ng6 11. Bd3 e5 $15) 9... fxe5 10.
fxe5 Bd7 11. Qg4 $5 {Preventing black from playing Be8.} (11. Bd3 $6 Bb6 12.
Na4 Bxd4 13. Bxd4 Nxd4 14. Bxh7+ Kxh7 15. Qxd4 Bxa4 16. Qxa4 Ng6 $15) (11. Be2
$5) 11... Nf5 12. Nxf5 exf5 13. Qf3 $6 ({It was better to put the queen on f4.
} 13. Qf4 Ne7 14. Bd3 Ng6 15. Qf2 c5 16. O-O $14) 13... Be6 14. Bb5 $6 {
Bishop has got nothing to do on b5.} (14. Be2) 14... Bxc3+ 15. bxc3 f4 $1 16.
Bf2 Qd7 17. O-O $2 {Blundering away the pawn!} (17. Be2 Bf5 18. Qxf4 Bxc2 19.
Qd2 Be4 20. O-O Nd8 $13) 17... Nxd4 $1 $17 18. cxd4 Qxb5 19. Rab1 Qc6 20. Qb3
b6 21. Qb5 Qxb5 22. Rxb5 h6 {Now black is starting to improve his position
step by step.} 23. Be1 g5 24. Bd2 Kg7 25. Rb3 c5 26. h4 (26. c3 cxd4 27. cxd4
Rac8 28. Rc3 Rxc3 29. Bxc3 Rc8 30. Rc1 Kg6 $17 {[%cal Gg6f5]}) 26... cxd4 27.
hxg5 hxg5 28. g3 Rac8 29. gxf4 g4 ({Another promising possibility was} 29...
Rxc2 $5 30. Rd3 gxf4 31. Bxf4 Rg8 32. Rxd4 Kh7+ 33. Kh1 Bf5 $19 {[%csl Rh1]})
30. Rd3 Rc4 31. Bb4 Rf7 32. Rf2 Kg6 33. Bd6 $6 Kf5 34. Kg2 Rh7 35. Rfd2 $6 (35.
Bb4) 35... Kxf4 36. Rxd4+ Rxd4 37. Rxd4+ Ke3 38. Rd3+ Ke4 39. a4 d4 $19 40. a5
bxa5 41. Ra3 Rb7 $1 {[%csl Rc2]} 42. Rxa5 Rb2 43. Kg3 Rxc2 44. Rxa7 Rc3+ 45.
Kg2 d3 46. Ra1 d2 47. Rd1 Kd3 48. Bb4 Ke2 49. Rf1 Bd5+ 0-1